Wordt geladen...

Encyclopeadia of economic development

Bibliografische gegevens
Hoofdauteurs: Roy Chowdhry; Ed, Shukla, P R; Ed
Formaat: Printed Book
Gepubliceerd in: New Delhi, Akashdeep Publishing 1991
Reeks:9
Onderwerpen:
LEADER 005460000a22001810004500
020 |a 0-81-7158-202-8 
082 |a 338.900 3 N1.9 
100 |a Roy Chowdhry; Ed 
100 |a Shukla, P R; Ed 
245 |a Encyclopeadia of economic development 
260 |a New Delhi, Akashdeep Publishing 
260 |c 1991 
465 |a R 7500 
490 |a 9 
650 |a Economics 
942 |c BK 
999 |c 10562  |d 10562 
952 |0 0  |1 0  |4 0  |6 338_900000000000000_3_N1_9  |7 0  |8 REF  |9 10357  |a MGUL  |b MGUL  |d 2013-07-16  |e R 7500  |l 0  |o 338.900 3 N1.9  |p 13463  |r 2019-03-26  |w 2013-07-16  |y REF